|
|
|
|
| LEADER |
00000nas a2200000 i 4500 |
| 001 |
ssj0001072972 |
| 003 |
WaSeSS |
| 005 |
20200512172242.0 |
| 006 |
m d |
| 007 |
cr n |
| 008 |
131220c20uu9999ii m| p|s|||||| |0eng d |
| 022 |
|
|
|a 2249-7196
|l 2249-7196
|
| 035 |
|
|
|a (WaSeSS)ssj0001072972
|
| 040 |
|
|
|a WaSeSS
|b eng
|c WaSeSS
|d WaSeSS
|
| 050 |
1 |
4 |
|a HD28
|
| 210 |
0 |
|
|a Int. j. manag. res. rev.
|
| 222 |
|
0 |
|a International journal of management research and reviews
|
| 245 |
0 |
0 |
|a International journal of management research and reviews
|h [electronic resource].
|
| 246 |
1 |
3 |
|a IJMRR
|
| 260 |
|
|
|a Meerut, India :
|b Society of Scientific Research and Education (SSRE)
|
| 310 |
|
|
|a Monthly
|
| 506 |
|
|
|a License restrictions may limit access.
|
| 588 |
|
|
|a Description based on: Volume 2, Issue 1 (January 2012); title from article pdf (ProQuest, viewed Dec. 18, 2013).
|
| 588 |
|
|
|a Latest issue consulted: Volume 3, Issue 8 (August 2013) (viewed Dec. 18, 2013).
|
| 650 |
|
0 |
|a Management
|x Research
|v Periodicals.
|
| 650 |
|
0 |
|a Business
|v Periodicals.
|
| 655 |
|
0 |
|a Electronic journals.
|
| 856 |
4 |
0 |
|z Full text available from Research Library: 01/01/2012 to present
|u https://search.proquest.com/publication/2028922
|